[Event "SVK Extraliga 2018/2019"]
[Site "?"]
[Date "2019.04.14"]
[Round "11.8"]
[White "Pinter, Erik"]
[Black "Kostolansky, Sebastian Lukas"]
[Result "1/2-1/2"]
[WhiteElo "2341"]
[BlackElo "2323"]
[PlyCount "120"]
[EventDate "2018.11.10"]
[WhiteTeam "Reinter Snina"]
[BlackTeam "Slovan Commander"]

1. e4 g6 2. d4 Bg7 3. c3 d6 4. Nf3 Nf6 5. Bd3 O-O 6. O-O Nbd7 7. Re1 e5 8. Na3
c6 9. Nc2 Qc7 10. a4 a5 11. Bg5 h6 12. Bh4 Re8 13. Qd2 Nh5 14. Bc4 Nb6 15. Bb3
Bg4 16. Re3 Be6 17. Bxe6 Rxe6 18. b3 f5 19. exf5 gxf5 20. dxe5 dxe5 21. Ncd4
Rd6 22. Nxe5 c5 23. Nb5 Rxd2 24. Nxc7 Rc8 25. Ne6 Nd5 26. Nxg7 Nxg7 27. Rf3 Re8
28. Nd7 Kf7 29. Nxc5 b6 30. Nd3 Nxc3 31. Ne5+ Rxe5 32. Rxc3 Ne6 33. Kf1 Re4 34.
Bg3 f4 35. Bh4 Nc5 36. Re1 Rb4 37. Re2 Rxe2 38. Kxe2 Nxb3 39. Bd8 Nd4+ 40. Kd3
Ne6 41. Bc7 Ke7 42. g3 fxg3 43. hxg3 Nc5+ 44. Ke3 Nxa4 45. Rd3 Nc5 46. Bd6+ Ke6
47. Bxc5 bxc5 48. Rd8 Rb3+ 49. Ke4 Rb4+ 50. Ke3 a4 51. Rh8 Kf5 52. Rxh6 Rb3+
53. Ke2 Rb2+ 54. Ke3 Rb3+ 55. Ke2 a3 56. Ra6 c4 57. Ra4 Rb2+ 58. Ke3 a2 59. Kd4
Rxf2 60. Kxc4 Kg4 1/2-1/2

[Event "SVK Extraliga 2018/2019"]
[Site "?"]
[Date "2019.04.14"]
[Round "11.1"]
[White "Vajda, Levente"]
[Black "Krejci, Jan"]
[Result "1/2-1/2"]
[WhiteElo "2535"]
[BlackElo "2588"]
[PlyCount "31"]
[EventDate "2018.11.10"]
[WhiteTeam "SK Dunajska Streda"]
[BlackTeam "SK Prakovce - www.sachovetreningy.sk"]

1. Nf3 c5 2. g3 Nc6 3. Bg2 e5 4. O-O g6 5. e4 Bg7 6. d3 Nge7 7. c3 O-O 8. Na3
d6 9. Nd2 Be6 10. f4 exf4 11. gxf4 f5 12. Nf3 h6 13. Be3 Qd7 14. Qd2 Rae8 15.
Bf2 b6 16. Nc2 1/2-1/2

[Event "SVK Extraliga 2018/2019"]
[Site "?"]
[Date "2019.04.14"]
[Round "11.2"]
[White "Zilka, Stepan"]
[Black "Petenyi, Tamas"]
[Result "1/2-1/2"]
[WhiteElo "2534"]
[BlackElo "2418"]
[PlyCount "60"]
[EventDate "2018.11.10"]
[WhiteTeam "SK Prakovce - www.sachovetreningy.sk"]
[BlackTeam "SK Dunajska Streda"]

1. e4 g6 2. d4 Bg7 3. Nc3 d6 4. Be3 a6 5. Qd2 Nc6 6. O-O-O Nf6 7. Bh6 Bxh6 8.
Qxh6 e5 9. dxe5 Nxe5 10. h3 Qe7 11. f4 Nc6 12. Nf3 Ng8 13. Qg7 Qf6 14. Qxf6
Nxf6 15. e5 dxe5 16. fxe5 Nh5 17. Nd5 O-O 18. Nxc7 Rb8 19. Bc4 b5 20. Bd5 Ne7
21. Bb3 a5 22. e6 f5 23. a3 Nf4 24. Nd4 Bb7 25. Ndxb5 Bxg2 26. Rhe1 Kg7 27. h4
Bc6 28. a4 Ng2 29. Re5 f4 30. Nd4 Bb7 1/2-1/2

[Event "SVK Extraliga 2018/2019"]
[Site "?"]
[Date "2019.04.14"]
[Round "11.4"]
[White "Druska, Juraj"]
[Black "Bokros, Albert"]
[Result "1/2-1/2"]
[WhiteElo "2455"]
[BlackElo "2466"]
[PlyCount "22"]
[EventDate "2018.11.10"]
[WhiteTeam "SK Prakovce - www.sachovetreningy.sk"]
[BlackTeam "SK Dunajska Streda"]

1. e4 c5 2. Nf3 e6 3. d4 cxd4 4. Nxd4 Nf6 5. Nc3 Nc6 6. Ndb5 d6 7. Bf4 e5 8.
Bg5 a6 9. Na3 b5 10. Nd5 Be7 11. Bxf6 Bxf6 1/2-1/2

[Event "SVK Extraliga 2018/2019"]
[Site "?"]
[Date "2019.04.14"]
[Round "11.5"]
[White "Varga, Zoltan"]
[Black "Manik, Mikulas"]
[Result "1/2-1/2"]
[WhiteElo "2451"]
[BlackElo "2393"]
[PlyCount "85"]
[EventDate "2018.11.10"]
[WhiteTeam "SK Dunajska Streda"]
[BlackTeam "SK Prakovce - www.sachovetreningy.sk"]

1. e4 c5 2. Nf3 d6 3. d4 cxd4 4. Qxd4 Nf6 5. h3 Nc6 6. Qe3 g6 7. c4 Bg7 8. Be2
Nd7 9. O-O Nde5 10. Rd1 Nxf3+ 11. Bxf3 Qb6 12. Nc3 Qxe3 13. Bxe3 Bxc3 14. bxc3
Ne5 15. Be2 b6 16. f4 Nc6 17. e5 dxe5 18. fxe5 Ba6 19. Bf3 Rc8 20. Bxc6+ Rxc6
21. c5 bxc5 22. Rab1 Bc8 23. Rd5 O-O 24. Rxc5 Rxc5 25. Bxc5 Be6 26. a4 Rc8 27.
Bxe7 Rxc3 28. Bf6 Rb3 29. Rd1 Rb8 30. Rd6 h6 31. h4 Kh7 32. g3 Rc8 33. Kf2 Rc4
34. Ra6 Rc2+ 35. Ke1 Re2+ 36. Kd1 Rg2 37. Rxa7 Rxg3 38. Ke1 g5 39. hxg5 hxg5
40. Kf2 Rg4 41. Ra8 Kg6 42. a5 Ra4 43. Rg8+ 1/2-1/2

[Event "SVK Extraliga 2018/2019"]
[Site "?"]
[Date "2019.04.14"]
[Round "11.7"]
[White "Czebe, Attila"]
[Black "Zambor, Norbert"]
[Result "1-0"]
[WhiteElo "2400"]
[BlackElo "2292"]
[PlyCount "109"]
[EventDate "2018.11.10"]
[WhiteTeam "SK Dunajska Streda"]
[BlackTeam "SK Prakovce - www.sachovetreningy.sk"]

1. e4 c5 2. Nf3 Nc6 3. Bb5 e6 4. O-O Nge7 5. Re1 a6 6. Bf1 d5 7. exd5 Qxd5 8.
Na3 Qd8 9. Nc4 Ng6 10. a4 Be7 11. a5 O-O 12. d3 Rb8 13. Bd2 Bd6 14. Nxd6 Qxd6
15. Be3 e5 16. Nd2 Nd4 17. c3 Nf5 18. Ne4 Nxe3 19. Nxd6 Nxd1 20. Rexd1 Be6 21.
g3 Rfd8 22. Nc4 f6 23. Re1 Kf7 24. Nb6 Ne7 25. Be2 Nc6 26. Na4 c4 27. Nc5 cxd3
28. Bxd3 f5 29. Be2 g6 30. b4 Kf6 31. Rad1 Ke7 32. Rxd8 Nxd8 33. Bf1 Kf6 34.
Bg2 h5 35. h4 Bc8 36. Rd1 Ke7 37. Nd3 Nf7 38. Bd5 e4 39. Bxf7 Kxf7 40. Ne5+ Kf6
41. f4 exf3 42. Nxf3 Be6 43. Rd6 Ke7 44. Rb6 Bd5 45. Ne5 Rc8 46. Nxg6+ Ke8 47.
Nf4 Be4 48. Nxh5 Rxc3 49. Nf6+ Kf7 50. Nxe4 fxe4 51. g4 Rf3 52. g5 e3 53. Rf6+
Rxf6 54. gxf6 Kxf6 55. Kf1 1-0

[Event "SVK Extraliga 2018/2019"]
[Site "?"]
[Date "2019.04.14"]
[Round "11.8"]
[White "Kusiak, Matej"]
[Black "Csonka, Attila Istvan"]
[Result "1/2-1/2"]
[WhiteElo "2253"]
[BlackElo "2374"]
[PlyCount "95"]
[EventDate "2018.11.10"]
[WhiteTeam "SK Prakovce - www.sachovetreningy.sk"]
[BlackTeam "SK Dunajska Streda"]

1. e4 c5 2. Nf3 e6 3. d4 cxd4 4. Nxd4 Nc6 5. Nc3 Qc7 6. f4 a6 7. Nxc6 dxc6 8.
Bd3 b5 9. a4 b4 10. Nb1 Nf6 11. Be3 h5 12. h3 e5 13. f5 c5 14. Nd2 Bb7 15. b3
c4 16. bxc4 Bc5 17. Qe2 Rd8 18. a5 O-O 19. O-O Bd4 20. Bxd4 Rxd4 21. Rfb1 Rb8
22. Kh2 Bc6 23. Qe3 Qd6 24. c5 Qc7 25. Re1 Bb5 26. Nb3 Bxd3 27. cxd3 Rd7 28.
Rac1 Rbd8 29. c6 Rxd3 30. Qb6 Rc8 31. Nc5 Rc3 32. Qxb4 Rxc1 33. Rxc1 Qxc6 34.
Nd3 Qa8 35. Rxc8+ Qxc8 36. Nc5 Nd7 37. Nxd7 Qxd7 38. Qb8+ Kh7 39. Qxe5 f6 40.
Qg3 Qe8 41. Kg1 Qxe4 42. Qg6+ Kg8 43. Qxh5 Qe1+ 44. Kh2 Qe5+ 45. Kg1 Qe1+ 46.
Kh2 Qe5+ 47. Kg1 Qe1+ 48. Kh2 1/2-1/2

[Event "SVK Extraliga 2018/2019"]
[Site "?"]
[Date "2019.04.14"]
[Round "11.1"]
[White "Balogh, Csaba"]
[Black "Mazur, Stefan"]
[Result "1-0"]
[WhiteElo "2610"]
[BlackElo "2435"]
[PlyCount "73"]
[EventDate "2018.11.10"]
[WhiteTeam "SK Modra"]
[BlackTeam "Liptovska sachova skola"]

1. e4 e5 2. Nf3 Nc6 3. Bb5 a6 4. Ba4 Nf6 5. Nc3 Bd6 6. d3 h6 7. a3 O-O 8. Bb3
Re8 9. g4 Nd4 10. Nxd4 exd4 11. Ne2 Nxg4 12. Nxd4 Qf6 13. Qxg4 Qxd4 14. Qf3 Re7
15. Rb1 Bc5 16. Be3 Qe5 17. Rg1 Bxe3 18. Qxe3 c6 19. Qxh6 d5 20. c3 Re6 21. Qg5
Qxg5 22. Rxg5 Rh6 23. exd5 Rxh2 24. Ke2 Bd7 25. Rbg1 Re8+ 26. Kd1 cxd5 27.
Rxg7+ Kf8 28. Rg8+ Ke7 29. Re1+ Kd8 30. Rexe8+ Bxe8 31. Bxd5 Rxf2 32. Bxb7 Kc7
33. Rxe8 Kxb7 34. Re2 Rf1+ 35. Kd2 f5 36. Ke3 f4+ 37. Ke4 1-0

[Event "SVK Extraliga 2018/2019"]
[Site "?"]
[Date "2019.04.14"]
[Round "11.2"]
[White "Neuman, Petr"]
[Black "Martinovic, Sasa"]
[Result "1/2-1/2"]
[WhiteElo "2397"]
[BlackElo "2555"]
[PlyCount "113"]
[EventDate "2018.11.10"]
[WhiteTeam "Liptovska sachova skola"]
[BlackTeam "SK Modra"]

1. d4 Nf6 2. Bg5 c5 3. Bxf6 exf6 4. c3 d5 5. e3 Nc6 6. Nf3 Qb6 7. Qb3 c4 8.
Qxb6 axb6 9. Nbd2 b5 10. e4 dxe4 11. Nxe4 Be6 12. Ned2 Bd6 13. Be2 O-O 14. O-O
Rfe8 15. Rfe1 g5 16. h3 Bd5 17. a3 Ne7 18. a4 Ng6 19. g3 h5 20. Nh2 Rxa4 21.
Bxh5 Rxe1+ 22. Rxe1 Ne7 23. Ng4 Kg7 24. Ne3 Ra2 25. Rb1 Bc6 26. Bf3 f5 27. g4
fxg4 28. hxg4 Bf4 29. Kg2 f6 30. Ndf1 Kf7 31. b3 cxb3 32. Rxb3 Ng6 33. Bd5+ Kf8
34. Rxb5 Bxe3 35. Bxc6 Rxf2+ 36. Kg1 Rxf1+ 37. Kxf1 bxc6 38. Rc5 Ne7 39. Ke2
Bg1 40. Kd3 Kf7 41. Ke4 Ke6 42. c4 Kd7 43. Ra5 Bh2 44. d5 cxd5+ 45. cxd5 Nc8
46. Kf5 Be5 47. Ra6 Ke7 48. Kg6 Nd6 49. Ra7+ Kd8 50. Rh7 Ke8 51. Rh8+ Kd7 52.
Rh7+ Kc8 53. Rh8+ Kc7 54. Rf8 Kb6 55. Rxf6 Kc5 56. Rxd6 Bxd6 57. Kxg5 1/2-1/2

[Event "SVK Extraliga 2018/2019"]
[Site "?"]
[Date "2019.04.14"]
[Round "11.3"]
[White "Michalik, Peter"]
[Black "Hrabusa, Matej"]
[Result "1/2-1/2"]
[WhiteElo "2577"]
[BlackElo "2406"]
[PlyCount "49"]
[EventDate "2018.11.10"]
[WhiteTeam "SK Modra"]
[BlackTeam "Liptovska sachova skola"]

1. d4 Nf6 2. Nf3 e6 3. c4 Bb4+ 4. Bd2 Qe7 5. g3 Bxd2+ 6. Qxd2 Nc6 7. Nc3 d5 8.
Bg2 dxc4 9. O-O O-O 10. Ne5 Nxe5 11. dxe5 Nd7 12. Qd4 Qc5 13. Qxc5 Nxc5 14.
Rac1 Rb8 15. Nb5 Bd7 16. Rxc4 Bxb5 17. Rxc5 c6 18. Rc2 Rfd8 19. Ra1 a5 20. a4
Ba6 21. e3 Kf8 22. Bf1 Bxf1 23. Kxf1 Ke7 24. Ke2 Rd5 25. f4 1/2-1/2

[Event "SVK Extraliga 2018/2019"]
[Site "?"]
[Date "2019.04.14"]
[Round "11.4"]
[White "Hausner, Ivan"]
[Black "Rigo, Zsolt"]
[Result "1/2-1/2"]
[WhiteElo "2349"]
[BlackElo "2396"]
[PlyCount "29"]
[EventDate "2018.11.10"]
[WhiteTeam "Liptovska sachova skola"]
[BlackTeam "SK Modra"]

1. e4 c5 2. Nc3 e6 3. Nge2 a6 4. g3 b5 5. Bg2 Bb7 6. O-O Nf6 7. d3 d6 8. Re1
Qc7 9. a4 b4 10. Nb1 Nbd7 11. Nd2 Be7 12. b3 O-O 13. Bb2 Rfe8 14. Nf4 Ne5 15.
Nh5 1/2-1/2

[Event "SVK Extraliga 2018/2019"]
[Site "?"]
[Date "2019.04.14"]
[Round "11.5"]
[White "Stohl, Igor"]
[Black "Haring, Filip"]
[Result "1-0"]
[WhiteElo "2489"]
[BlackElo "2309"]
[PlyCount "75"]
[EventDate "2018.11.10"]
[WhiteTeam "SK Modra"]
[BlackTeam "Liptovska sachova skola"]

1. d4 Nf6 2. c4 e6 3. Nc3 Bb4 4. Qc2 O-O 5. a3 Bxc3+ 6. Qxc3 d5 7. Bg5 h6 8.
Bh4 c5 9. dxc5 d4 10. Qc2 Nc6 11. Nf3 e5 12. Nd2 Re8 13. e4 dxe3 14. fxe3 Nd4
15. Qc3 Bg4 16. Bd3 g5 17. O-O gxh4 18. exd4 exd4 19. Qc2 Qe7 20. h3 Bd7 21.
Nf3 Qe3+ 22. Rf2 Bc6 23. Nxh4 Be4 24. Rd1 Rac8 25. Kh2 Qg5 26. Nf5 Rxc5 27.
Rdf1 Rc6 28. Rf4 Rce6 29. Nxd4 Bxd3 30. Qxd3 Re3 31. Qf5 Qg3+ 32. Kh1 R3e6 33.
Nxe6 Rxe6 34. R4f3 Qg7 35. Qf4 Ne4 36. Qb8+ Kh7 37. Rxf7 Ng3+ 38. Qxg3 1-0

[Event "SVK Extraliga 2018/2019"]
[Site "?"]
[Date "2019.04.14"]
[Round "11.6"]
[White "Haring, Viktor"]
[Black "Maslik, Miroslav"]
[Result "0-1"]
[WhiteElo "2287"]
[BlackElo "2366"]
[PlyCount "60"]
[EventDate "2018.11.10"]
[WhiteTeam "Liptovska sachova skola"]
[BlackTeam "SK Modra"]

1. e4 c5 2. Nf3 Nc6 3. d4 cxd4 4. Nxd4 e5 5. Nb5 a6 6. Nd6+ Bxd6 7. Qxd6 Qf6 8.
Qd1 Qg6 9. Nc3 Nge7 10. h4 h5 11. Rh3 d5 12. Rg3 Bg4 13. f3 dxe4 14. Nxe4 Rd8
15. Bd3 f5 16. Ng5 e4 17. fxg4 hxg4 18. Nxe4 fxe4 19. Rxg4 Qd6 20. Rxe4 Qg3+
21. Kd2 Rxh4 22. Qf3 Qg5+ 23. Ke2 Rxe4+ 24. Qxe4 Qh5+ 25. Kf2 Kd7 26. Bf4 Rf8
27. Be2 Qh2 28. Bg4+ Ke8 29. Ke3 Rxf4 30. Bd7+ Kd8 0-1

[Event "SVK Extraliga 2018/2019"]
[Site "?"]
[Date "2019.04.14"]
[Round "11.7"]
[White "Schwarz, Dusan"]
[Black "Hros, Roman"]
[Result "1-0"]
[WhiteElo "2314"]
[BlackElo "2195"]
[PlyCount "39"]
[EventDate "2018.11.10"]
[WhiteTeam "SK Modra"]
[BlackTeam "Liptovska sachova skola"]

1. d4 Nf6 2. c4 c5 3. d5 e6 4. Nc3 exd5 5. cxd5 Bd6 6. Nf3 O-O 7. Bg5 Re8 8. e3
Bc7 9. d6 Ba5 10. Bc4 Nc6 11. O-O Bxc3 12. bxc3 b6 13. Re1 Bb7 14. Qc2 Na5 15.
Bd3 h6 16. Bh4 Re6 17. Bh7+ Kf8 18. Bf5 Rxd6 19. e4 g5 20. e5 1-0

[Event "SVK Extraliga 2018/2019"]
[Site "?"]
[Date "2019.04.14"]
[Round "11.8"]
[White "Palecek, Peter"]
[Black "Banas, Kamil"]
[Result "1/2-1/2"]
[WhiteElo "2250"]
[BlackElo "2287"]
[PlyCount "30"]
[EventDate "2018.11.10"]
[WhiteTeam "Liptovska sachova skola"]
[BlackTeam "SK Modra"]

1. e4 c5 2. Nf3 d6 3. d4 cxd4 4. Nxd4 Nf6 5. Nc3 a6 6. Be3 e6 7. Be2 Be7 8. f4
Qc7 9. Bf3 Nc6 10. O-O O-O 11. Kh1 Nxd4 12. Qxd4 Bd7 13. e5 Ne8 14. Rad1 Bc6
15. Qb6 Bxf3 1/2-1/2

[Event "SVK Extraliga 2018/2019"]
[Site "?"]
[Date "2019.04.14"]
[Round "11.2"]
[White "Repka, Christopher"]
[Black "Vykouk, Jan"]
[Result "1/2-1/2"]
[WhiteElo "2482"]
[BlackElo "2441"]
[PlyCount "43"]
[EventDate "2018.11.10"]
[WhiteTeam "CVC VIX Mladost Zilina"]
[BlackTeam "SK Osuske"]

1. d4 e6 2. c4 f5 3. Nf3 Nf6 4. g3 c6 5. Bg2 d5 6. O-O Bd6 7. a4 a5 8. b3 Na6
9. Ba3 O-O 10. Ne5 Nb4 11. Nd3 Nxd3 12. exd3 Bxa3 13. Nxa3 Qb6 14. Nc2 Qxb3 15.
c5 b6 16. Qd2 Ba6 17. Ra3 Qb2 18. Raa1 Qb3 19. Ra3 Qb2 20. Raa1 Qb3 21. Ra3 Qb2
22. Raa1 1/2-1/2

[Event "SVK Extraliga 2018/2019"]
[Site "?"]
[Date "2019.04.14"]
[Round "11.3"]
[White "Jablonicky, Martin"]
[Black "Kociscak, Jiri"]
[Result "0-1"]
[WhiteElo "2322"]
[BlackElo "2496"]
[PlyCount "52"]
[EventDate "2018.11.10"]
[WhiteTeam "SK Osuske"]
[BlackTeam "CVC VIX Mladost Zilina"]

1. e4 e5 2. Nf3 Nc6 3. Bb5 Nf6 4. d3 Bc5 5. O-O d6 6. c3 O-O 7. h3 Ne7 8. d4
Bb6 9. dxe5 Nxe4 10. Qe2 Ng3 11. Qe1 dxe5 12. Qxe5 Nxf1 13. Bxf1 Ng6 14. Qh5
Qd1 15. Nbd2 Nf4 16. Qh4 Nd3 17. Ne4 Nxc1 18. Qg5 Ne2+ 19. Kh2 Qd8 20. Qxd8
Rxd8 21. Bxe2 Bf5 22. Ng3 Bd3 23. Kg1 Rd6 24. a4 Bxe2 25. Nxe2 Rad8 26. Ned4 c5
0-1

[Event "SVK Extraliga 2018/2019"]
[Site "?"]
[Date "2019.04.14"]
[Round "11.4"]
[White "Petrik, Tomas"]
[Black "Berezjuk, Sergej"]
[Result "0-1"]
[WhiteElo "2475"]
[BlackElo "2398"]
[PlyCount "138"]
[EventDate "2018.11.10"]
[WhiteTeam "CVC VIX Mladost Zilina"]
[BlackTeam "SK Osuske"]

1. e4 c5 2. Nf3 Nc6 3. d4 cxd4 4. Nxd4 e5 5. Nb5 d6 6. c4 Be7 7. Be2 f5 8. exf5
Bxf5 9. O-O Nf6 10. N1c3 a6 11. Na3 O-O 12. Nc2 Qd7 13. b3 Kh8 14. Ne3 Be6 15.
Ned5 Bd8 16. Be3 Ba5 17. Rc1 Bxc3 18. Nxc3 Ne7 19. f3 d5 20. cxd5 Nexd5 21.
Nxd5 Nxd5 22. Bc5 Rfd8 23. Re1 Qf7 24. Qc2 Bf5 25. Qb2 e4 26. fxe4 Bxe4 27. Bf1
Qg6 28. Qf2 Nf6 29. Rc3 Bc6 30. Rg3 Ng4 31. Qf4 Qh5 32. Qxg4 Qxc5+ 33. Kh1 Qd4
34. h3 Qf6 35. Bd3 Rd4 36. Qh5 Rh4 37. Qe5 Qxe5 38. Rxe5 Rd8 39. Re7 g6 40. Rc7
Rd7 41. Rxd7 Bxd7 42. Re3 Bc6 43. Kg1 Kg7 44. Kf2 Rd4 45. g3 Kf6 46. h4 h6 47.
Ke2 g5 48. hxg5+ hxg5 49. Bc4 Be4 50. Bg8 Bf5 51. Rc3 Rd8 52. Bc4 b5 53. Bxb5
axb5 54. Rc5 b4 55. Ra5 Rc8 56. Ra4 Rc2+ 57. Ke3 g4 58. Rxb4 Rxa2 59. Rb8 Rg2
60. Rf8+ Kg5 61. Rg8+ Kf6 62. b4 Ke5 63. Re8+ Be6 64. b5 Rxg3+ 65. Kf2 Rb3 66.
Rb8 g3+ 67. Ke2 Bc4+ 68. Kd2 g2 69. Re8+ Be6 0-1

[Event "SVK Extraliga 2018/2019"]
[Site "?"]
[Date "2019.04.14"]
[Round "11.5"]
[White "Istona, Martin"]
[Black "Jurcik, Marian"]
[Result "0-1"]
[WhiteElo "2269"]
[BlackElo "2494"]
[PlyCount "82"]
[EventDate "2018.11.10"]
[WhiteTeam "SK Osuske"]
[BlackTeam "CVC VIX Mladost Zilina"]

1. e4 d6 2. d4 Nf6 3. Nc3 g6 4. Bg5 h6 5. Bf4 Nc6 6. Nf3 Bg7 7. h3 Nd7 8. Be3
e5 9. dxe5 Ndxe5 10. Nxe5 Nxe5 11. Qd2 Be6 12. f4 Nc6 13. g4 Qh4+ 14. Bf2 Qf6
15. f5 Bd7 16. h4 Qe5 17. Rg1 O-O-O 18. O-O-O Qa5 19. Kb1 Bxc3 20. Qxc3 Qxc3
21. bxc3 Rde8 22. Bd3 Ne5 23. c4 b6 24. Rg3 h5 25. gxh5 gxf5 26. exf5 Rxh5 27.
Rg5 Rxg5 28. hxg5 Nxd3 29. cxd3 Re2 30. Bd4 Bxf5 31. a3 Kb7 32. Kc1 Rg2 33. Bf6
a6 34. Rd2 Rg3 35. Kc2 b5 36. Kc3 c5 37. Be7 Kc6 38. Rd1 bxc4 39. Kxc4 d5+ 40.
Kc3 d4+ 41. Kc4 Be6# 0-1

[Event "SVK Extraliga 2018/2019"]
[Site "?"]
[Date "2019.04.14"]
[Round "11.6"]
[White "Nayhebaver, Martin"]
[Black "Gasa, Andrej"]
[Result "1-0"]
[WhiteElo "2464"]
[BlackElo "2243"]
[PlyCount "71"]
[EventDate "2018.11.10"]
[WhiteTeam "CVC VIX Mladost Zilina"]
[BlackTeam "SK Osuske"]

1. e4 c5 2. Nf3 d6 3. d4 cxd4 4. Nxd4 Nf6 5. Nc3 a6 6. Be3 e6 7. f3 b5 8. Qd2
Bb7 9. O-O-O Nbd7 10. Kb1 Be7 11. g4 Nb6 12. Bd3 Nfd7 13. f4 b4 14. Nce2 d5 15.
Ng3 Qc7 16. Qf2 Nc5 17. exd5 Nxd5 18. Rhe1 O-O 19. Bc1 a5 20. Bc4 Rfd8 21. f5
e5 22. Nb5 Qb8 23. f6 Nxf6 24. Nf5 Bf8 25. Nh6+ gxh6 26. Qxf6 Bg7 27. Qxf7+ Kh8
28. Be3 Rxd1+ 29. Rxd1 Bc6 30. Nd6 Ne4 31. Nf5 Qf8 32. Qe6 Rd8 33. Rd3 Rxd3 34.
cxd3 Nf6 35. Qxc6 Nxg4 36. Bc5 1-0

[Event "SVK Extraliga 2018/2019"]
[Site "?"]
[Date "2019.04.14"]
[Round "11.7"]
[White "Karas, Marek"]
[Black "Zvarik, Martin"]
[Result "1-0"]
[WhiteElo "2246"]
[BlackElo "2320"]
[PlyCount "127"]
[EventDate "2018.11.10"]
[WhiteTeam "SK Osuske"]
[BlackTeam "CVC VIX Mladost Zilina"]

1. d4 Nf6 2. Nf3 d6 3. c4 Bg4 4. g3 Nbd7 5. Bg2 c6 6. Nc3 e5 7. h3 Bh5 8. g4
Bg6 9. Nh4 Be7 10. Nxg6 hxg6 11. e3 Qc7 12. Rb1 Rd8 13. Qe2 a6 14. Bd2 Nh7 15.
h4 Kf8 16. Kf1 Kg8 17. g5 Nhf8 18. Qd3 Nb6 19. Rc1 Re8 20. Ne2 Bd8 21. d5 Nbd7
22. e4 Nc5 23. Qf3 Qe7 24. b4 Ncd7 25. h5 gxh5 26. Rxh5 Rxh5 27. Qxh5 g6 28.
Qg4 Nh7 29. Rc3 Ndf8 30. Rg3 Qc7 31. Rc3 Be7 32. Ng1 c5 33. a3 cxb4 34. axb4
Qb6 35. Rc1 Qd4 36. Ke1 Qb2 37. Nh3 b6 38. Qg3 Rc8 39. Qc3 Qxc3 40. Rxc3 Nd7
41. Bf1 a5 42. Ra3 Rb8 43. f3 Bd8 44. Kd1 Kg7 45. Kc2 Rb7 46. Kb3 Kf8 47. Ka4
Ke8 48. Kb5 Nb8 49. Be3 Nf8 50. f4 exf4 51. Bxf4 Be7 52. Ng1 Nfd7 53. Nf3 Ne5
54. Nxe5 dxe5 55. Bxe5 Nd7 56. Bf4 Bxb4 57. Rh3 Bf8 58. Rh8 a4 59. Kxa4 b5+ 60.
Kb3 bxc4+ 61. Kc2 Ke7 62. Bxc4 Rb2+ 63. Kd1 Nb6 64. d6+ 1-0

[Event "SVK Extraliga 2018/2019"]
[Site "?"]
[Date "2019.04.14"]
[Round "11.8"]
[White "Kostelny, Jozef"]
[Black "Gasa, Patrik"]
[Result "0-1"]
[WhiteElo "2220"]
[BlackElo "2180"]
[PlyCount "80"]
[EventDate "2018.11.10"]
[WhiteTeam "CVC VIX Mladost Zilina"]
[BlackTeam "SK Osuske"]

1. d4 Nf6 2. c4 e6 3. g3 c5 4. d5 exd5 5. cxd5 d6 6. Nc3 g6 7. Bg2 Bg7 8. Nf3
O-O 9. O-O Re8 10. Nd2 Nbd7 11. h3 a6 12. a4 b6 13. e4 Ne5 14. Qe2 Nh5 15. Kh2
f5 16. f4 fxe4 17. Ndxe4 Nf7 18. Qf3 Bf5 19. Nd2 Bd7 20. Nc4 b5 21. axb5 axb5
22. Rxa8 Qxa8 23. Nb6 Qb7 24. Nxd7 Qxd7 25. h4 b4 26. Ne4 Qb7 27. Ng5 Nxg5 28.
hxg5 Bd4 29. f5 Be5 30. f6 Bxg3+ 31. Kg1 Rf8 32. Bh3 Be5 33. Be6+ Kh8 34. Qg4
Qb5 35. Re1 Qd3 36. Qe2 Qg3+ 37. Kh1 Qh4+ 38. Kg1 Qg3+ 39. Kf1 Nxf6 40. Qf2 Nd7
0-1

[Event "SVK Extraliga 2018/2019"]
[Site "?"]
[Date "2019.04.14"]
[Round "11.1"]
[White "Cernousek, Lukas"]
[Black "Aczel, Gergely"]
[Result "1/2-1/2"]
[WhiteElo "2438"]
[BlackElo "2542"]
[PlyCount "76"]
[EventDate "2018.11.10"]
[WhiteTeam "SKS Dubnica nad Vahom"]
[BlackTeam "SK Aquamarin Podhajska"]

1. e4 c5 2. Nf3 d6 3. d4 cxd4 4. Nxd4 Nf6 5. Nc3 a6 6. Be3 e5 7. Nb3 Be6 8. f3
h5 9. Nd5 Bxd5 10. exd5 Nbd7 11. Be2 g6 12. O-O Bh6 13. Bxh6 Rxh6 14. Qd2 Rh8
15. Na5 h4 16. Qb4 Nxd5 17. Qxb7 Nf4 18. Bc4 Rb8 19. Qxa6 Rb6 20. Nc6 Qc7 21.
Qa8+ Nb8 22. Nxb8 Rxb8 23. Qa4+ Ke7 24. Bb3 Qc5+ 25. Rf2 h3 26. g3 Ne2+ 27. Kf1
Nxg3+ 28. hxg3 h2 29. Kg2 h1=Q+ 30. Rxh1 Rxh1 31. Kxh1 Qxf2 32. Qh4+ f6 33.
Qh7+ Kd8 34. Qg8+ Kc7 35. Qc4+ Kb6 36. Qb4+ Kc7 37. Qc4+ Kb6 38. Qb4+ Kc7
1/2-1/2

[Event "SVK Extraliga 2018/2019"]
[Site "?"]
[Date "2019.04.14"]
[Round "11.2"]
[White "Gazik, Viktor"]
[Black "Ponizil, Cyril"]
[Result "1-0"]
[WhiteElo "2511"]
[BlackElo "2501"]
[PlyCount "79"]
[EventDate "2018.11.10"]
[WhiteTeam "SK Aquamarin Podhajska"]
[BlackTeam "SKS Dubnica nad Vahom"]

1. e4 c5 2. Nc3 Nc6 3. Bb5 Nd4 4. Bc4 e6 5. Nf3 a6 6. Nxd4 cxd4 7. Ne2 b5 8.
Bb3 Qb6 9. O-O Ne7 10. d3 Nc6 11. Ng3 Bb7 12. Qf3 f6 13. Bd2 O-O-O 14. Nh5 f5
15. a4 b4 16. exf5 Ne7 17. Qh3 Nxf5 18. a5 Qc7 19. Nf4 g6 20. Rfc1 Kb8 21. c3
dxc3 22. bxc3 Bh6 23. Nxe6 dxe6 24. Bxh6 Nxh6 25. Qxh6 Rxd3 26. cxb4 Qd6 27.
Bc4 Rd4 28. Bf1 Rf8 29. Ra2 Rff4 30. h3 Rxb4 31. Qxh7 Rh4 32. Qxg6 Qd5 33. Qg3+
Ka8 34. Re2 Rh5 35. Qg8+ Ka7 36. Qxe6 Qxa5 37. Ra2 Qb6 38. Rxa6+ Bxa6 39. Qf7+
Bb7 40. Qxh5 1-0

[Event "SVK Extraliga 2018/2019"]
[Site "?"]
[Date "2019.04.14"]
[Round "11.3"]
[White "Roubalik, Jakub"]
[Black "Mihok, Oliver"]
[Result "1-0"]
[WhiteElo "2417"]
[BlackElo "2548"]
[PlyCount "99"]
[EventDate "2018.11.10"]
[WhiteTeam "SKS Dubnica nad Vahom"]
[BlackTeam "SK Aquamarin Podhajska"]

1. d4 Nf6 2. c4 g6 3. Nc3 Bg7 4. e4 d6 5. Nge2 O-O 6. Ng3 e5 7. d5 a5 8. Be2
Na6 9. h4 h5 10. Bg5 Qe8 11. Qd2 Nc5 12. f3 a4 13. O-O-O Bd7 14. Kb1 Qb8 15.
Nf1 Qa7 16. Bxf6 Bxf6 17. g4 hxg4 18. fxg4 a3 19. b3 Qb6 20. Qc2 Kg7 21. Ng3
Rh8 22. g5 Be7 23. Rdf1 Rh7 24. Bd1 Rah8 25. Qf2 Be8 26. Nf5+ gxf5 27. exf5 f6
28. Qg3 Rh5 29. gxf6+ Kxf6 30. Rhg1 Bf8 31. Bxh5 Bxh5 32. Qg5+ Kf7 33. Kc2 Na6
34. Nb5 Nb4+ 35. Kb1 Nxd5 36. Qd8 Nf6 37. Rg6 Bg7 38. Rxg7+ Kxg7 39. Qe7+ Bf7
40. Nxc7 Kg8 41. Ne6 Bxe6 42. fxe6 Rh6 43. Qf7+ Kh8 44. Rxf6 Rxf6 45. Qxf6+ Kh7
46. Qf5+ Kh6 47. h5 Qg1+ 48. Kc2 Qg7 49. e7 e4 50. Qg6+ 1-0

[Event "SVK Extraliga 2018/2019"]
[Site "?"]
[Date "2019.04.14"]
[Round "11.4"]
[White "Polak, Tomas"]
[Black "Motuz, Karol"]
[Result "1-0"]
[WhiteElo "2528"]
[BlackElo "2375"]
[PlyCount "37"]
[EventDate "2018.11.10"]
[WhiteTeam "SK Aquamarin Podhajska"]
[BlackTeam "SKS Dubnica nad Vahom"]

1. d4 d5 2. c4 e6 3. Nc3 Nf6 4. Nf3 Be7 5. Bg5 O-O 6. Qc2 Nbd7 7. e3 c6 8. Rd1
a6 9. a3 b5 10. c5 e5 11. dxe5 Ne8 12. h4 h6 13. b4 hxg5 14. hxg5 g6 15. Bd3
Nxc5 16. Bxg6 Ne6 17. Bf5 N8g7 18. Bh7+ Kh8 19. Bg8+ 1-0